000 00473nam a2200181Ia 4500
005 20241120003941.0
008 240331s9999 xx 000 0 und d
020 _a0954964705
082 _bSIV
_a900
100 _aSivanayagam, S
245 0 _aSrilanka :
_bwitness to history a journalist's memoris 1930-2004
260 _aLondon
_bSivayogam
_c2005
300 _aXIX, 684 P.,
650 _aHistory
650 _aJournalism
650 _aHistory of Sri Lanka
942 _cL
999 _c4446
_d4446